| 000 | 00409nam a22001457a 4500 | ||
|---|---|---|---|
| 020 | _a9789695570272 | ||
| 082 | _a340.59 | ||
| 100 | _aNyazee, Imran Ahsan Khan | ||
| 245 |
_aPartnership in Islam / _cImran Ahsan Khan Nyazee |
||
| 260 |
_aRawalpindi : _bFederal Law House, _c2007. |
||
| 300 |
_a447 p. ; _c22 cm. |
||
| 942 |
_2ddc _cBK |
||
| 999 |
_c587205 _d587205 |
||